00309nam a2200109Ia 4500008004100000041001200041100002100053245006900074260004000143300000800183650000800191221030s9999 xx 000 0 und d aEnglish aR. D. Srivastava 4aThe Law Pleadings - Drafting & Convefancingcby R. D. Srivastava bCentral Law AgencyaAllahabadc2006 a169 aLaw